|
|
|
|
| LEADER |
00000nab a2200000 ar4500 |
| 001 |
vtls008417951 |
| 003 |
SK-MaSNL |
| 005 |
20260319071311.0 |
| 008 |
051212c2005 xo |||||||| |000 b|hun |
| 015 |
|
|
|a SNBRB2005/12
|2 snkbucl
|
| 038 |
|
|
|a SNKBUCL
|
| 040 |
|
|
|a DSZK
|b slo
|c DSZK
|e AACR2
|
| 041 |
0 |
|
|a slo
|
| 044 |
|
|
|a xo
|c SK
|
| 080 |
|
|
|a 821.511.141-4=511.141
|2 UDC-MRF-SK2
|
| 100 |
1 |
|
|a Pomogáts, Béla,
|d 1934-
|4 aut
|9 317252
|
| 245 |
1 |
0 |
|a A komp helyzetében
|c Pomogáts Béla
|
| 650 |
0 |
7 |
|a eseje, maďarské
|2 snkbucl
|9 582855
|
| 773 |
0 |
|
|t Irodalmi szemle
|g Évf. XLVIII, sz. 11 (2005), o.6-12
|x 1336-5088
|
| 852 |
|
|
|a SNK
|b KIS3GCP
|
| 852 |
|
|
|a DSZK
|b KIS3GCP
|
| 958 |
|
|
|a HU
|
| 958 |
|
|
|a LX
|
| 999 |
|
|
|c 1753668
|d 1755598
|